Svítá - nastupuje "Korektní podnikání"

Založenie Združenia korektného podnikania v Českej republike. Dodržiavanie Kódexu korektného podnikania a vytvorenie pozitívneho obrazu o českých podnikateľských subjektoch. Hlavné zásady kódexu korektného podnikania. Dôraz na Spoločenskú zodpovednosť organizácií (Corporate social responsibility).

Salvato in:
Dettagli Bibliografici
Natura: Capitolo di libro
Lingua:ceco
Soggetti:
Tags: Aggiungi Tag
Nessun Tag, puoi essere il primo ad aggiungerne!!

MARC

LEADER 00000naa$a2200000$$$4500
001 0025444
005 20231018124643.0
041 0 |a cze 
044 |a CZ 
245 1 0 |a Svítá - nastupuje "Korektní podnikání" 
520 |a Založenie Združenia korektného podnikania v Českej republike. Dodržiavanie Kódexu korektného podnikania a vytvorenie pozitívneho obrazu o českých podnikateľských subjektoch. Hlavné zásady kódexu korektného podnikania. Dôraz na Spoločenskú zodpovednosť organizácií (Corporate social responsibility). 
610 2 0 |a podnikanie 
610 2 0 |a firmy 
610 2 0 |a morálka 
610 2 0 |a kódexy etické 
610 2 0 |a zodpovednosť spoločenská 
610 2 0 |a výhody konkurenčné 
610 2 0 |a kvalita 
610 2 0 |a Česko